| 000 | 00705nam a2200241 i 4500 | ||
|---|---|---|---|
| 001 | bg | ||
| 245 | 0 | 0 |
_aEuro : _bwspólna waluta / _cred. nauk. Paul Temperton ; [tł. Marek Albigowski, Jarosław Neneman. |
| 246 |
_iTyt. oryg.: _a. |
||
| 260 |
_aWarszawa : _bFelberg Sja, _c2001. |
||
| 300 |
_a292 s. ; _c24 cm. |
||
| 500 | _aTyt. oryg.: The euro". | ||
| 504 | _aIndeks. | ||
| 650 | 9 | _aEuro (pieniądz) | |
| 700 | 1 |
_aTEMPERTON, Paul. _eRed. |
|
| 020 | _a8388667017 | ||
| 040 | _cBPK | ||
| 041 | 1 |
_apl _hen |
|
| 080 | _a336.744 | ||
| 920 | _a83-88667-01-7 | ||
| 942 | _cKS | ||
| 008 | s pl f |000 0 pol | ||
| 999 |
_c39829 _d39829 |
||
| 856 |
_uhttp://koha.tu.koszalin.pl/cgi-bin/koha/opac-detail.pl?biblionumber=39829 _yKatalog online BPK |
||